000 02341nam a22001697a 4500
005 20260624141552.0
020 _a9780691179025
082 _a330.9
100 _aCoyle, Diane.
245 _aThe measure of progress
_bcounting what really matters
260 _aPrinceton
_bPrinceton University Press
_c2025
300 _aix, 306p.
_b26 cm
504 _aIncludes bibliographical references and index
520 _aA book which explores how the digital transformation of the economy affects how we measure and interpret the true scale of innovation, productivity, and growth. Statistics are an essential guide for better economic policies. They also involve questions of freedom, justice, life and death, as governments - and increasingly machines - use statistics to make decisions affecting people's lives. This book argues that the conceptual framework underpinning today's economic statistics is out of date, and makes it impossible to measure, understand, and respond to what is really happening in the economy. According to Diane Coyle, we have been interpreting the economy through the lens of a statistical framework developed in the mid-twentieth century, when a lack of goods and services rather than natural resources was the binding constraint on growth, when the intangible value of intellectual property and digital assets were largely unaccounted for, and when the most pressing economic policy challenge was managing demand rather than supply. Today's challenges are vastly different. Growth in living standards in the rich economies has slowed significantly in recent decades, despite dramatic innovation in digital technologies. The geopolitical as well as the environmental landscape is fraught, and our belief in democracy increasingly strained. In The Measure of Progress, Diane Coyle comprehensively explores how the digital transformation affects how we measure the economy and our capacity to interpret the true scale of innovation, productivity, and growth. Her book also sets out some key principles for improving measurement. A true understanding of the economy, she argues, will require different data collected in a different framework of categories and definitions. Only then will policymakers, businesses, and individuals be able to shape a better, sustainable future
650 _aEconometrics
942 _cBK
999 _c11524
_d11524